Представление документа в формате RUSMARC

ПолеНазваниеЗначение
  Тип записи a
  Библиографический уровень m
001 Контрольный номер RU/REG73/CBS_GRAD2/669905087
005 Дата корректировки 20221122154926.5
101 Язык документа __
a Язык текста rus
a Язык текста eng
a Язык текста ukr
200 Заглавие и сведения об ответственности __
a Заглавие Полтавский художественный музей
e Сведения, относящиеся к заглавию альбом
f Первые сведения об ответственности автор-составитель К.Г. Скалацкий
b Общее обозначение материала Текст
203 Вид содержания и тип средства __
a Вид содержания Текст (визуальный) : непосредственный
210 Выходные данные __
a Место издания Киев
c Издательство Мыстэцтво
d Дата издания 1982
215 Физическое описание __
a Объем 151 с., ил.
686 Индексы других классификаций __
a Классификационный индекс 85.101
801 Источник записи _0
a Страна RU
b Организация RuCBSGrad
g Правила каталогизации PSBO
801 Источник записи _1
a Страна RU
b Организация RuCBSGrad
g Правила каталогизации PSBO
901 Тип документа __
t Тип документа m
981 __
b i
g e
2 isbdcontent
982 __
b n
2 isbdmedia
993 __
a 62098
b 35311
e 265047
f ЦГБ
h 0.00
i 265047
m 1
n 44278
o I
p 0.00
x 1
y 6
z 85.101